Statistics for The Dictator Files: Adolf Hitler

Click here to take the quiz!

General Stats

  • This quiz has been taken 18,369 times
  • The average score is 16 of 20

Answer Stats

HintAnswer% Correct
What country did Germany invade in September 1939 - starting WWII?Poland
99%
What country was Hitler born in?Austria
96%
What political party did Hitler lead?Nazi
96%
What war did he fight in as a soldier?World War One
95%
What is the name of Hitler's killing of 6 million Jews?The Holocaust
89%
What title, meaning "leader", did he use?Führer
88%
What fellow dictator did he sign the "Pact of Steel" with in 1939?Benito Mussolini
87%
What country did he sign a non-aggression pact with in 1939?Soviet Union
87%
What autobiography did Hitler write while in prison?Mein Kampf
86%
What ancient Indian symbol was adopted as the logo of that party?Swastika
86%
What career did Hitler pursue as a young man?Artist
83%
How many years did Hitler think that the Third Reich would last? (In reality, it lasted twelve)1,000
79%
Who did Hitler marry shortly before committing suicide?Eva Braun
75%
What city was the site of the "Beer Hall Putsch", Hitler's failed 1923 coup?Munich
74%
Who said "If Hitler invaded Hell, I would make at least a favourable reference to
the devil in the House of Commons"
Winston Churchill
74%
What city hosted annual political rallies of that party (and later war war tribunals)?Nuremberg
72%
What didn't Hitler eat?Meat
72%
Who parodied Hitler in the 1940 movie "The Great Dictator"?Charlie Chaplin
70%
What "Ride of the Valkyries" composer was one of Hitler's favorites?Richard Wagner
52%
What Luftwaffe commander served as his second-in-command from 1941-1945?Hermann Göring
51%

Score Distribution

Percentile by Number Answered

Percent of People with Each Score

Your Score History

You have not taken this quiz